Estrategia competitiva, Técnicas para el análisis de los sectores industriales y de la competencia.
| Main Author: | |
|---|---|
| Format: | Section = Libro |
| Language: | Undetermined Spanish |
| Published: |
México
Continental
1982
|
| Subjects: |
| LEADER | 00583nam a2200193Ia 4500 | ||
|---|---|---|---|
| 008 | 241007s9999||||xx |||||||||||||| ||und|| | ||
| 020 | |a 968-26-0349-8 | ||
| 040 | |a BIBLIOTECA-RURC/ 338.6048 P847 | ||
| 041 | |a spa | ||
| 082 | |a 338.6048 P847 | ||
| 100 | 1 | |a Porter ,Michael E | |
| 245 | 1 | 0 | |a Estrategia competitiva, Técnicas para el análisis de los sectores industriales y de la competencia. |
| 260 | |a México |b Continental |c 1982 | ||
| 300 | |a 407 p. :il. | ||
| 650 | 7 | |a COMPETENCIA ECONOMICA | |
| 650 | 7 | |b ADMINISTRACIÓN INDUSTRIAL | |
| 942 | |c BK |2 ddc | ||
| 991 | |a TEXTO | ||
| 999 | |c 14297 | ||